01430nam a22003494a 4500001001200000003000800012006001900020007001500039008004100054020001500095020002200110040002100132035002000153050002600173082002400199245014100223260006000364300002500424490004400449504005100493533015200544650002900696650002800725650003200753650003200785655002900817700001900846700002700865710001700892830004500909856012600954ebr10075363CaPaEBRm u cr cn|||||||||021018s2003 njua sb 001 0 eng  z0813532752 z0813532760 (pbk.) aCaPaEBRcCaPaEBR a(OCoLC)7073976314aNX650.C66bG58 2003eb04a307.76/4/09051122100aGlobal cities :bcinema, architecture, and urbanism in a digital ageh[electronic resource] /cedited by Linda Krause and Patrice Petro. aNew Brunswick, N.J. :bRutgers University Press,c2003. aviii, 213 p. :bill.1 aNew directions in international studies aIncludes bibliographical references and index. aElectronic reproduction.bPalo Alto, Calif. :cebrary,d2013.nAvailable via World Wide Web.nAccess may be limited to ebrary affiliated libraries. 0aCities and towns in art. 0aArts and globalization. 0aArts, Moderny20th century. 0aArts, Moderny21st century. 7aElectronic books.2local1 aKrause, Linda.1 aPetro, Patrice,d1957-2 aebrary, Inc. 0aNew directions in international studies.40uhttp://site.ebrary.com/lib/rucke/Doc?id=10075363zAn electronic book accessible through the World Wide Web; click to view